00278nam a2200121 a 450000500170000002000180001710000160003524500220005126000460007330000110011904100080013065000180013820260702181356.0 a97896314567891 aKos, Karoly10aVarju-nemzetség aCluj-NapocabErdelyi Szepmiives Cehc2016 a196 p.0 ahun 0aRoman maghiar